<?xml version="1.0" encoding="UTF-8"?>
<record
    xmlns:xsi="http://www.w3.org/2001/XMLSchema-instance"
    xsi:schemaLocation="http://www.loc.gov/MARC21/slim http://www.loc.gov/standards/marcxml/schema/MARC21slim.xsd"
    xmlns="http://www.loc.gov/MARC21/slim">

  <leader>02237cam a2200337 a 4500</leader>
  <datafield tag="999" ind1=" " ind2=" ">
    <subfield code="c">329113</subfield>
    <subfield code="d">329113</subfield>
  </datafield>
  <controlfield tag="001">15574254</controlfield>
  <controlfield tag="003">Nust</controlfield>
  <controlfield tag="005">20170424144443.0</controlfield>
  <controlfield tag="008">090105s2008    nyu           000 j eng d</controlfield>
  <datafield tag="010" ind1=" " ind2=" ">
    <subfield code="a">  2008276046</subfield>
  </datafield>
  <datafield tag="020" ind1=" " ind2=" ">
    <subfield code="a">9780307269881</subfield>
  </datafield>
  <datafield tag="020" ind1=" " ind2=" ">
    <subfield code="a">0307269884</subfield>
  </datafield>
  <datafield tag="035" ind1=" " ind2=" ">
    <subfield code="a">(OCoLC)ocn216941657</subfield>
  </datafield>
  <datafield tag="040" ind1=" " ind2=" ">
    <subfield code="a">BTCTA</subfield>
    <subfield code="c">BTCTA</subfield>
    <subfield code="d">BAKER</subfield>
    <subfield code="d">YDXCP</subfield>
    <subfield code="d">GP5</subfield>
    <subfield code="d">BWX</subfield>
    <subfield code="d">CDX</subfield>
    <subfield code="d">TXH</subfield>
    <subfield code="d">UOH</subfield>
    <subfield code="d">DLC</subfield>
  </datafield>
  <datafield tag="042" ind1=" " ind2=" ">
    <subfield code="a">lccopycat</subfield>
  </datafield>
  <datafield tag="050" ind1="0" ind2="0">
    <subfield code="a">PR6023.E833</subfield>
    <subfield code="b">A6 2008</subfield>
  </datafield>
  <datafield tag="082" ind1="0" ind2="4">
    <subfield code="a">823.914 LES</subfield>
    <subfield code="2">22</subfield>
  </datafield>
  <datafield tag="100" ind1="1" ind2=" ">
    <subfield code="a">Lessing, Doris,</subfield>
    <subfield code="d">1919-2013.</subfield>
  </datafield>
  <datafield tag="245" ind1="1" ind2="0">
    <subfield code="a">Stories /</subfield>
    <subfield code="c">Doris Lessing ; with an introduction by Margaret Drabble.</subfield>
  </datafield>
  <datafield tag="260" ind1=" " ind2=" ">
    <subfield code="a">New York :</subfield>
    <subfield code="b">Alfred A. Knopf,</subfield>
    <subfield code="c">2008.</subfield>
  </datafield>
  <datafield tag="300" ind1=" " ind2=" ">
    <subfield code="a">xxxix, 655 p. ;</subfield>
    <subfield code="c">21 cm.</subfield>
  </datafield>
  <datafield tag="490" ind1="1" ind2=" ">
    <subfield code="a">Everyman's library ;</subfield>
    <subfield code="v">316</subfield>
  </datafield>
  <datafield tag="505" ind1="0" ind2="0">
    <subfield code="t">The habit of loving --</subfield>
    <subfield code="t">The woman --</subfield>
    <subfield code="t">Through the tunnel --</subfield>
    <subfield code="t">Pleasure --</subfield>
    <subfield code="t">The witness -</subfield>
    <subfield code="t">The day Stalin died --</subfield>
    <subfield code="t">Wine --</subfield>
    <subfield code="t">He --</subfield>
    <subfield code="t">The eye of God in paradise --</subfield>
    <subfield code="t">The other woman --</subfield>
    <subfield code="t">One off the short list --</subfield>
    <subfield code="t">A woman on a roof --</subfield>
    <subfield code="t">How I finally lost my heart --</subfield>
    <subfield code="t">A man and two women --</subfield>
    <subfield code="t">A room --</subfield>
    <subfield code="t">England versus England --</subfield>
    <subfield code="t">Two potters --</subfield>
    <subfield code="t">Between men --</subfield>
    <subfield code="t">Our friend Judith --</subfield>
    <subfield code="t">Each other --</subfield>
    <subfield code="t">Homage for Isaac Babel --</subfield>
    <subfield code="t">Outside the ministry --</subfield>
    <subfield code="t">Dialogue --</subfield>
    <subfield code="t">Notes for a case history --</subfield>
    <subfield code="t">To room nineteen --</subfield>
    <subfield code="t">An old woman and her cat --</subfield>
    <subfield code="t">Side benefits of an honourable profession --</subfield>
    <subfield code="t">A year in Regent's Park --</subfield>
    <subfield code="t">Report on the threatened city --</subfield>
    <subfield code="t">Mrs. Fortescue --</subfield>
    <subfield code="t">An unposted love letter --</subfield>
    <subfield code="t">Lions, leaves, roses --</subfield>
    <subfield code="t">Not a very nice story --</subfield>
    <subfield code="t">The other garden --</subfield>
    <subfield code="t">The temptation of Jack Orkney.</subfield>
  </datafield>
  <datafield tag="655" ind1=" " ind2="7">
    <subfield code="a">Short stories.</subfield>
    <subfield code="2">gsafd</subfield>
  </datafield>
  <datafield tag="830" ind1=" " ind2="0">
    <subfield code="a">Everyman's library (Alfred A. Knopf, Inc.) ;</subfield>
    <subfield code="v">316.</subfield>
  </datafield>
  <datafield tag="856" ind1="4" ind2="2">
    <subfield code="3">Contributor biographical information</subfield>
    <subfield code="u">http://www.loc.gov/catdir/enhancements/fy0906/2008276046-b.html</subfield>
  </datafield>
  <datafield tag="856" ind1="4" ind2="2">
    <subfield code="3">Publisher description</subfield>
    <subfield code="u">http://www.loc.gov/catdir/enhancements/fy0906/2008276046-d.html</subfield>
  </datafield>
  <datafield tag="856" ind1="4" ind2="1">
    <subfield code="3">Sample text</subfield>
    <subfield code="u">http://www.loc.gov/catdir/enhancements/fy0906/2008276046-s.html</subfield>
  </datafield>
  <datafield tag="856" ind1="4" ind2="1">
    <subfield code="3">Table of contents only</subfield>
    <subfield code="u">http://www.loc.gov/catdir/enhancements/fy0906/2008276046-t.html</subfield>
  </datafield>
  <datafield tag="906" ind1=" " ind2=" ">
    <subfield code="a">7</subfield>
    <subfield code="b">cbc</subfield>
    <subfield code="c">copycat</subfield>
    <subfield code="d">2</subfield>
    <subfield code="e">ncip</subfield>
    <subfield code="f">20</subfield>
    <subfield code="g">y-gencatlg</subfield>
  </datafield>
  <datafield tag="942" ind1=" " ind2=" ">
    <subfield code="2">ddc</subfield>
    <subfield code="c">BK</subfield>
  </datafield>
  <datafield tag="952" ind1=" " ind2=" ">
    <subfield code="0">0</subfield>
    <subfield code="1">0</subfield>
    <subfield code="2">ddc</subfield>
    <subfield code="4">0</subfield>
    <subfield code="7">0</subfield>
    <subfield code="a">NIT</subfield>
    <subfield code="b">NIT</subfield>
    <subfield code="d">2017-04-24</subfield>
    <subfield code="l">0</subfield>
    <subfield code="o">823.914 LES</subfield>
    <subfield code="p">NIT-8462</subfield>
    <subfield code="r">2017-04-24</subfield>
    <subfield code="w">2017-04-24</subfield>
    <subfield code="y">BK</subfield>
  </datafield>
  <datafield tag="952" ind1=" " ind2=" ">
    <subfield code="0">0</subfield>
    <subfield code="1">0</subfield>
    <subfield code="2">ddc</subfield>
    <subfield code="4">0</subfield>
    <subfield code="7">0</subfield>
    <subfield code="a">NIT</subfield>
    <subfield code="b">NIT</subfield>
    <subfield code="d">2017-04-24</subfield>
    <subfield code="l">0</subfield>
    <subfield code="o">823.914 LES</subfield>
    <subfield code="p">NIT-8518</subfield>
    <subfield code="r">2017-04-24</subfield>
    <subfield code="w">2017-04-24</subfield>
    <subfield code="y">BK</subfield>
  </datafield>
  <datafield tag="952" ind1=" " ind2=" ">
    <subfield code="0">0</subfield>
    <subfield code="1">0</subfield>
    <subfield code="2">ddc</subfield>
    <subfield code="4">0</subfield>
    <subfield code="7">0</subfield>
    <subfield code="a">NIT</subfield>
    <subfield code="b">NIT</subfield>
    <subfield code="d">2017-04-24</subfield>
    <subfield code="l">0</subfield>
    <subfield code="o">823.914 LES</subfield>
    <subfield code="p">NIT-8574</subfield>
    <subfield code="r">2017-04-24</subfield>
    <subfield code="w">2017-04-24</subfield>
    <subfield code="y">BK</subfield>
  </datafield>
</record>
